| 000 | 00767nam a22002177a 4500 | ||
|---|---|---|---|
| 999 |
_c22424 _d22424 |
||
| 003 | OSt | ||
| 005 | 20220610111132.0 | ||
| 008 | 190816s2019 pe b 000 0 spa | ||
| 020 | _a9788481918977 | ||
| 040 | _cBiblioteca Municipal de Cusco | ||
| 082 |
_a869.56/W32P6 _bW32P6 |
||
| 100 |
_aWatanabe, José _d1946-2007 _eautor _948128 |
||
| 245 |
_aPoesía completa / _cJosé Watanabe ; prólogo de Darío Jaramillo Agudelo |
||
| 250 | _aPrimera edición, tercera reimpresión | ||
| 264 | 1 |
_aValencia : _bEditorial Pre-textos, _c2019. |
|
| 300 |
_a456 páginas, 10 sin numerar. : _c22 cm. |
||
| 490 |
_aLa cruz del sur ; _v941 |
||
| 650 |
_aPoesías peruanas _ySiglo XX _948129 |
||
| 700 |
_aJaramillo Agudelo, Darío _d1947- _eprologuista _948130 |
||
| 942 |
_2ddc _cLIBROS |
||